000 00958nam a22002775i 4500
001 10786
003 ES-MaACL
005 20250808011423.0
007 t|
008 940804s1994 sp ||||0| spa j
020 _a84-481-1901-0
040 _aM-BN
_bspa
_cM-BN
080 _a573.5
080 _a001.94
100 1 _aRuiz de Gopegui, Luis.
_9100741
245 1 0 _aMensajeros cósmicos
_b: ciencia y enigma de los extraterrestres /
_cLuis Ruiz de Gopegui ; prólogo de Javier Armentia.
260 _aMadrid :
_bMcGraw-Hill,
_cD.L. 1994.
300 _aXXIV, 252 p., [8] p. de lám. col :
_bil ;
_c21 cm.
490 1 _aSerie McGraw-Hill de divulgación científica
504 _aBibliografía. Indices.
650 1 7 _aVida en otros planetas
_2embne
_917792
700 1 _aArmentia, Javier E.
_922962
830 0 _aSerie McGraw-Hill de divulgación científica
_9178515
852 _aES-MaACL
_jL-18171
_bR.123172
999 _c10786
_d10786